000 nam a22 7a 4500
999 _c7774
_d7774
008 171009b xxu||||| |||| 00| 0 eng d
100 _94253
_aDeepa
245 _aSocial Science-7
260 _aNew Delhi